000
00206 a2200097 4500
001
3987
100
_a
Richmond,A.E
245
_a
Calculas for electronics
260
_a
_b
Mcgrawhill
_c
090
_c
3216
_d
3216
942
_a
NUST-CAE
_c
M
_c
24625
999
_c
239060
_d
239060